MARC

LEADER 00000nlm0a2200000 4500
001 38511
005 20231031010208.0
035 |a (RuTPU)RU\TPU\book\39269 
090 |a 38511 
100 |a 20020306d2000 k y0rusy50 ca 
101 0 |a rus 
102 |a RU 
105 |a  110zy 
135 |a vrcn ---uucaa 
181 0 |a i  
182 0 |a b 
200 1 |a Университетская библиотека на пороге третьего тысячелетия  |b Электронный ресурс  |e тезисы докладов юбилейной научно-практической конференции, Томск, 25 октября 2000 г  |f Томский политехнический университет. Научно-техническая библиотека; Университетская библиотека на пороге третьего тысячелетия. Юбилейная научно-практическая конференция 
203 |a Текст  |c электронный 
210 |a Томск  |c Изд-во ТПУ  |d 2000 
215 |a 1109 Kb 
230 |a 1 компьютерный файл (pdf; 1109 Kb) 
336 |a Текстовые файлы 
337 |a Adobe Reader 
452 1 |0 (RuTPU)RU\TPU\book\30616  |t Университетская библиотека на пороге третьего тысячелетия  |o Тезисы докладов юбилейной научно-практической конференции, Томск, 25 октября 2000 г  |f ТПУ, НТБ  |c Томск  |n Изд-во ТПУ  |d 2000  |p 108 с 
610 1 |a библиотечное дело 
610 1 |a библиотеки 
610 1 |a вузовские библиотеки 
610 1 |a университетские библиотеки 
610 1 |a научно-технические библиотеки 
610 1 |a ТПУ 
610 1 |a НТБ 
610 1 |a конференции 
610 1 |a Томск 
610 1 |a электронный ресурс 
686 |a Ч734(2)718л0  |a Ч661.68  |v LBC/SL-A  |2 rubbk 
712 0 2 |a Томский политехнический университет (ТПУ)  |b Научно-техническая библиотека (НТБ)  |2 stltpush  |3 (RuTPU)RU\TPU\col\15103 
712 1 2 |a Университетская библиотека на пороге третьего тысячелетия  |b Юбилейная научно-практическая конференция  |e Томск  |f 2000 
801 1 |a RU  |b 63413507  |c 20020306  |g PSBO 
801 2 |a RU  |b 63413507  |c 20151015  |g PSBO 
856 4 |u http://www.lib.tpu.ru/fulltext/m/2001/m1.pdf 
942 |c CF